00486 a2200145 450000500170000002000180001708200190003510000160005424500800007025000120015026000330016230000220019570000200021785601030023720250625132148.0 a0-07-244350-2 aLM 620.103 BEE aBEER, F. P. aProblems Supplement to Accompany Vector Mechanics for Engineers: Statistics a6th Ed. aBoston,bMcGraw Hill,c2001. a96p.: ill.c26cm. aJOHNSTON, E. R. yAccess Book OnlinefProblems Supplement to Accompany Vectors Mechanics for Engineersdwww.mhhe.com